000 00405nmm a2200145Ia 4500
008 251105s9999||||xx |||||||||||||||||und||
041 _aspa
100 _aCruz Smith, Martin
245 0 _aBahía de la Habana
264 _a[Madrid, España] :
_bEdiciones B,
_c2012
300 _a512 páginas
650 _aThriller & Suspense
856 _uhttps://public.digitaliapublishing.com/a/53019
942 _cCF
999 _c104542
_d104542